00409nam a2200133Ia 450000500170000000800410001702000150005808200130007324500520008626000470013830000130018550000390019870000380023720250620032508.0240331s9999 xx 000 0 und d a9559062239 bSRIa322 0aSri Lankawe manawa himikam pilibanda thathwaya  aColombobLaw & Social responsibilityc1994 a235 p ., aSri Lanka's Human Rights Situation aNeethiya ha Samaja bharaya. eedt